000 00583nam a2200181Ia 4500
008 151018s9999 xx 000 0 und d
082 _bRBASDV37017
_a891.462
100 _aगणेश हिर्लेकर
245 _aवहिनीचा चुडा
250 _b2
260 _bनिंबकर आणि मं
_c1995
300 _a84
600 _aगणेश हिर्लेकर
630 _aवहिनीचा चुडा
700 _aगणेश हिर्लेकर
730 _aवहिनीचा चुडा
942 _cBOOK
999 _c1036464
_d1036461